000 00734nam a2200241 a 4500
001 60631
003 BD-RjUL
005 20211209080850.0
008 170102b1987 uk ||||| |||| 00| 0 eng d
020 _a094696712X
020 _a09503684
035 _a(BD-RjUL)60755
040 _aBD-RjUL
_beng
_cBD-RjUL
_dBD-RjUL
041 _aeng
082 _223
_a379.41
_bEDU 1987
245 0 0 _aEducation and Training UK 1987 :
_ban Economic, Social and Policy Audit /
_ced by A Harrison; J Gretton
260 _aNewbury :
_bPolicy Journals,
_c1987
300 _a115 p. ;
_bill. ;
_c28
650 _aEducation and State
_zGreat Britain
_9180615
700 _aHarrison, A ed by
_9180616
700 _aGretton, J ed by
_9180617
942 _2ddc
_cBK
999 _c60631
_d60631